01150cas a22002777a 450000500170000000800410001701000100005801100100006803500100007824500650008826000850015330000070023831000160024536200150026150000510027659000410032759000410036859000420040965000640045186600220051590100070053790500230054499900170056795201440058495201440072820220329142132.0990903d1984 mx ur pernn 0 0b1spa d a78975 a79947 a9037900aCRUNOc/por UACH. Centro Regional Universitario del Noroeste0 aCocorit, Sonora :b/por UACH. Centro Regional Universitario del Noroeste,c1984- av. aDesconocida an.2, 1985. aSe dejó de recibir a partir del n.2 de 1985. aBATCH-UPDb10c20130110lUCH01h2356 aBATCH-UPDb10c20130410lUCH01h1643 aCONVERSIONb10c20130109lUCH01h134414aAgriculturaxInvestigacionxPublicaciones periodicas.91661 an.1-2 (1984-1985) aSE aLilia Sánchez G. c78975d78975 00102local4051708PSaBCbBCcPB_PSd2024-05-21hNo. 1, OCT. 1984l0oRevistapBC-H-00011773r2024-05-21 00:00:00w2024-05-21yISSUE 00102local4051708PSaBCbBCcPB_PSd2024-05-21hNo. 2, FEB. 1985l0oRevistapBC-H-00011774r2024-05-21 00:00:00w2024-05-21yISSUE